000 01118nam a22003257a 4500
003 CHAP
005 20220329141444.0
008 971013s1986 r 00010 d
010 _a68444
011 _a69416
035 _a78892
040 _cCHAP
090 _aFolleto 11298
100 0 0 _aSynnott, Timothy J.
_9111151
245 _aEfectos de las heladas de 1983 sobre las plantas de la región de Linares, N. L.
260 _aLinares, N. L. :
_bUniversidad Autónoma de Nuevo León. Facultad de Silvicultura y Manejo de Recursos R.,
_c1986
300 _aPP. 1-13 ilus.
490 _aReporte científica
_v; 5
500 _a29-80
590 _aBATCH-UPD
_b10
_c20130110
_lUCH01
_h0553
590 _aBATCH-UPD
_b10
_c20130410
_lUCH01
_h0235
590 _aBATCH-UPD
_b10
_c20130914
_lUCH01
_h1604
590 _aCONVERSION
_b10
_c20130109
_lUCH01
_h1338
650 1 4 _aHeladas
_xEfecto en plantas.
_953402
830 0 _aReporte científica
_v; 5
_995997
901 _aBK
942 _cFOLL
949 _aFolleto 11298
_bBC
_cFOLL
_d-116490
_eTS2
_fc.2
_i78892
_si
949 _aFolleto 11298
_bBC
_cFOLL
_d-31768
_eTS1
_i78892
_si
999 _c68444
_d68444